Blue Moon (Registo nº 5921)

Detalhes MARC
000 -Etiqueta do registo
Valores 01466cam a2200229 4500
010 ## - Número ISBN
ISBN 9725300483
021 ## - Número do Depósito Legal
Número 139095/99
100 ## - Dados gerais de processamento
Dados gerais 20211231d1999 m||y0pory5003 ba
200 1# - Titulo e menção de responsabilidade
Título próprio Blue Moon
Primeira menção de responsabilidade Dominique Sigaud
Outras menções de responsabilidade trad. Clara Alvarez
210 #9 - Publicação
Local de publicação Lisboa
Nome do editor Bizâncio
Data de publicação 1999
215 ## - Descrição física 
Paginação / Volumes 104, [1] p.
225 2# - Colecção 
Título próprio da colecção Inferno
Indicação de volume 6
330 ## - Sumário ou Resumo
Texto da nota Blue Moon, que é um dos mais belos e estranhos livros da nova literatura francesa, é também um terrível libelo contra a pena de morte.<br/>Aaron Robbins, um jovem negro, habitante de um dos Estados do Sul dos Estados Unidos da América, violou e assassinou uma mulher. Uma mulher branca e loura. Detido durante cerca de vinte anos, sabe agora que vai morrer. o perdão, a sua última hipótese de sobrevivência, acaba de lhe ser negado.<br/>Inicia-se então uma sucessão de flashes que pouco a pouco permitem reconstituir a vida do criminoso e os motivos do seu acto, e conduzem o leitor desde os meandros da sua torturada relação com o pai até evocação do desejo que o adolescente sentia perante as mulheres do Blue Moon e, finalmente, às derradeiras palavras que o condenado diz à mãe do seu filho, a única mulher que verdadeiramente o amou...
606 ## - Nome comum usado como assunto
ID Autoridade 13
Palavra de ordem Literatura Estrangeira
675 ## - CDU
Notação 821.133.1-311.6"19"
Edição BN
Língua por
700 ## - Autor principal (pessoa individual)
Apelido Sigaud
Nome Dominique
Datas 1959-
ID Autoridade 5609
702 ## - Autor secundário (pessoa individual)
Apelido Alvarez
Nome Clara
ID Autoridade 4185
801 ## - Fonte de origem
País PT
Agência BMVN
Regras de catalogação RPC
830 ## - Notas gerais do catalogador
Criado por Inês Silva
Data de criação 31/12/2021
990 ## - Elementos KOHA
Tipo de documento Livro
Exemplares
Situação do levantamento Biblioteca de origem Código de barras Cota Permissão de empréstimo Tipo de documento Forma de aquisição
  Biblioteca Municipal de Vendas Novas 100000021176 LE SIG/BLU   Livro  

Powered by Koha